| Tag |
First Indicator |
Second Indicator |
Subfields |
| LEADER |
00000pam a2200000 a 4500 |
| 001 |
in00000095425 |
| 005 |
20150923173527.0 |
| 008 |
811019s1982 enk b 10110 eng |
| 010 |
|
|
|a 81018111
|
| 020 |
|
|
|a 0521240611 :
|c $40.00 (est.)
|
| 035 |
|
|
|a (OCoLC)07948023
|
| 035 |
|
|
|9 AAK8066AM
|
| 039 |
0 |
|
|a 2
|b 3
|c 3
|d 3
|e 3
|
| 040 |
|
|
|a DLC
|c DLC
|d TXA
|d UtOrBLW
|
| 043 |
|
|
|a e-uk---
|a a-ja---
|
| 049 |
|
|
|a TXAM
|c [933638]
|
| 050 |
0 |
0 |
|a DA47.9 J3
|b A53 1979
|
| 082 |
0 |
|
|a 327.41052
|2 19
|
| 111 |
2 |
|
|a Anglo-Japanese Conference on the History of the Second World War
|d (1979 :
|c London, England)
|
| 245 |
1 |
0 |
|a Anglo-Japanese alienation, 1919-1952 :
|b papers of the Anglo- Japanese Conference on the History of the Second World War /
|c edited by Ian Nish.
|
| 264 |
|
1 |
|a Cambridge [Cambridgeshire] ;
|a New York :
|b Cambridge University Press,
|c 1982.
|
| 300 |
|
|
|a x, 305 pages ;
|c 22 cm.
|
| 336 |
|
|
|a text
|b txt
|2 rdacontent
|
| 337 |
|
|
|a unmediated
|b n
|2 rdamedia
|
| 338 |
|
|
|a volume
|b nc
|2 rdacarrier
|
| 490 |
1 |
|
|a International studies
|
| 504 |
|
|
|a Includes bibliographical references and index.
|
| 650 |
|
0 |
|a World War, 1939-1945
|x Diplomatic history
|x Congresses.
|
| 651 |
|
0 |
|a Great Britain
|x Foreign relations
|z Japan
|x Congresses.
|
| 651 |
|
0 |
|a Japan
|x Foreign relations
|z United States
|x Congresses.
|
| 700 |
1 |
|
|a Nish, Ian.
|
| 830 |
|
0 |
|a International studies (Cambridge University Press)
|
| 999 |
|
|
|a MARS
|
| 999 |
f |
f |
|s eb1591a8-d30c-3d5e-bc65-d5c09977ffd6
|i d38b6c92-a634-3c05-ad94-155bf86d80d1
|t 0
|
| 952 |
f |
f |
|p ric
|a Texas A&M University
|b Rellis Campus
|c Joint Library Facility
|d Remote Storage
|t 0
|e DA47.9 J3 A53 1979
|h Library of Congress classification
|i unmediated -- volume
|m A14806022235
|
| 998 |
f |
f |
|a DA47.9 J3 A53 1979
|t 0
|l Remote Storage
|